00433nam a2200169Ia 450000500170000000800410001702000100005804000190006804100120008708200160009910000160011524500530013126000370018430000110022165000210023285000100025320240820114203.0131103s9999 xx 000 0 und d cRs.30 aLoreto College aEnglish a891.43bPAN aPande, A.N. aSahitya Kalpadrumb sahayak pustika cA.N. Pande aKolkatabNirvay prakashanc[19?] a106p.  aHindi litarature aLCBED